000 01461nam a2200397 i 4500
001 197761
003 ES-MaACL
005 20250910063136.0
008 121123s2012 sp | |||| 000 f spa
015 _aMON12
017 _aB 20753-2012
_bOficina Depósito Legal Barcelona
020 _a8425536001154
035 _a(OCoLC)827776693
035 _a(SpMaBN)a5287319
040 _aSpMaBN
_bspa
_cSpMaBN
_erdc
080 _a821.512.161-31"19"
100 1 _aPamuk, Orhan,
_d1952-
_9241391
_eaut
240 1 0 _aMasumiyet Müzesi
_lEspañol
245 1 3 _aEl museo de la inocencia /
_cOrhan Pamuk ; traducción de Rafael Carpintero.
260 _aBarcelona :
_bRandom House Mondadori,
_cD.L. 2012.
300 _a648 páginas :
_bilustrado, plano ;
_c19 cm.
336 _aTexto (visual)
_2isbdcontent
337 _asin mediación
_2isbdmedia
338 _2rdacarrier
_avolumen
500 _aÍndice
594 _aTítulo original: Masumiyet Müzesi
655 0 _9234319
_aNovelas
700 1 _aCarpintero Ortega, Rafael,
_d1962-
_9241392
_etrl
852 _aES-MaACL
_cDEPOJ
_jN-10644
_hDonación: José Lázaro García
_xEncuadernación rústica
_9206767
903 _9234219
_aLázaro García, José
_ednr
942 _cMONOGRAFIA
_n0
999 _c197761
_d197761